[Event "January TNT"]
[Site "Winnipeg CAN"]
[Date "2010.01.05"]
[Round "1"]
[White "Truempler, Andreas"]
[Black "Swindell, Frankie"]
[Result "0-1"]
[WhiteElo "1499"]
[BlackElo "1776"]
[PlyCount "106"]
[EventDate "2010.01.05"]
[EventType "swiss"]
[EventRounds "4"]
[EventCountry "CAN"]

1. Nf3 Nc6 2. d3 e5 3. e4 Nf6 4. Nbd2 Be7 5. g3 O-O 6. Bg2 d6 7. O-O Re8 8. c3
h6 9. Re1 Bg4 10. h4 Bf8 11. Nf1 Qd7 12. Kh2 Bh5 13. Ne3 Ng4+ 14. Nxg4 Bxg4 15.
Qc2 Rad8 16. Ng1 Be6 17. Be3 b6 18. Nf3 f5 19. Rad1 fxe4 20. dxe4 Qf7 21. Qe2
Bxa2 22. b4 Bc4 23. Qb2 Be6 24. Nd2 a5 25. bxa5 Nxa5 26. Bf1 Ra8 27. Bb5 Reb8
28. Rf1 c6 29. Be2 b5 30. f4 Qc7 31. f5 Bf7 32. f6 g6 33. Rc1 d5 34. Bf3 Nc4
35. Nxc4 dxc4 36. Qd2 Rd8 37. Qe2 c5 38. Bg4 Ra3 39. Rfd1 Rd6 40. Rxd6 Qxd6 41.
Rd1 Qxf6 42. Qd2 b4 43. cxb4 Rd3 44. Qc1 Rxd1 45. Bxd1 cxb4 46. Qa1 c3 47. Qa8
Qe7 48. Bxh6 b3 49. Bxf8 Qxf8 50. Qb7 c2 51. Bxc2 bxc2 52. Qc7 Bb3 53. Qxe5
c1=Q 0-1

[Event "January TNT"]
[Site "Winnipeg CAN"]
[Date "2010.01.05"]
[Round "1"]
[White "Wasserman, R."]
[Black "Moussou, Julien"]
[Result "1-0"]
[WhiteElo "1690"]
[BlackElo "1900"]
[PlyCount "61"]
[EventDate "2010.01.05"]
[EventType "swiss"]
[EventRounds "4"]
[EventCountry "CAN"]

1. e4 d5 2. e5 c5 3. Nf3 Bg4 4. h3 Bxf3 5. Qxf3 Nc6 6. Nc3 e6 7. Bb5 a6 8.
Bxc6+ bxc6 9. d3 Ne7 10. Bg5 Qb6 11. Rb1 Ng6 12. Qg3 h6 13. Bd2 Be7 14. O-O Bh4
15. Qg4 h5 16. Qe2 Qc7 17. Rfe1 Ne7 18. g3 Bxg3 19. fxg3 Nf5 20. Qf2 Nd4 21.
Bf4 O-O-O 22. Na4 Qe7 23. c3 g5 24. Be3 g4 25. h4 Nf3+ 26. Kg2 d4 27. Bg5 Nxg5
28. hxg5 Qxg5 29. Nxc5 h4 30. Qxf7 h3+ 31. Kh1 1-0

[Event "January TNT"]
[Site "Winnipeg CAN"]
[Date "2010.01.12"]
[Round "2"]
[White "Evans, Brittany"]
[Black "Green, Joshua"]
[Result "1-0"]
[WhiteElo "1591"]
[BlackElo "1792"]
[PlyCount "89"]
[EventDate "2010.01.05"]
[EventType "swiss"]
[EventRounds "4"]
[EventCountry "CAN"]

1. e4 d6 2. d4 Nf6 3. Nc3 Nbd7 4. Nf3 e5 5. dxe5 dxe5 6. Bc4 Be7 7. Ng5 O-O 8.
Nxf7 Rxf7 9. Bxf7+ Kxf7 10. O-O c6 11. f4 Bc5+ 12. Kh1 Kg8 13. fxe5 Qe8 14.
exf6 Nxf6 15. Bg5 Ng4 16. Qe2 Ne5 17. h3 Be6 18. b3 Bf7 19. Be3 Be7 20. Bd4 Bf6
21. Qe3 b6 22. Ne2 h6 23. Qg3 Kh7 24. Rf5 Nd7 25. Bxf6 Nxf6 26. e5 Nd5 27. Raf1
Bh5 28. Rf8 Qxf8 29. Rxf8 Rxf8 30. Nd4 Be8 31. c4 Ne7 32. Ne6 Rf7 33. Qd3+ Ng6
34. Qd8 Bd7 35. Nc7 Nxe5 36. Qa8 b5 37. cxb5 cxb5 38. Qxa7 Bc6 39. Qb6 Rd7 40.
Qa5 Rd1+ 41. Kh2 Rd7 42. Nxb5 Rd5 43. a4 Rd4 44. Qc3 Re4 45. Qc2 1-0

[Event "January TNT"]
[Site "Winnipeg CAN"]
[Date "2010.01.12"]
[Round "2"]
[White "Lipoka, J."]
[Black "Magomedov, Magaram"]
[Result "1-0"]
[WhiteElo "2254"]
[BlackElo "1751"]
[PlyCount "51"]
[EventDate "2010.01.05"]
[EventType "swiss"]
[EventRounds "4"]
[EventCountry "CAN"]

1. e4 e6 2. Qe2 e5 3. Nf3 Nc6 4. c3 d6 5. h3 Nf6 6. g3 Be6 7. Ng5 Be7 8. Nxe6
fxe6 9. h4 Qd7 10. Bh3 Rf8 11. d3 d5 12. Nd2 Bc5 13. Rf1 O-O-O 14. Nf3 dxe4 15.
dxe4 Nxe4 16. Bxe6 Qxe6 17. Qxe4 Qd6 18. Bg5 Rd7 19. Ke2 Na5 20. b3 h6 21. Be3
Bxe3 22. fxe3 Rdf7 23. Nxe5 Qe6 24. Qg4 Rf5 25. e4 h5 26. Rxf5 1-0

[Event "January TNT"]
[Site "Winnipeg CAN"]
[Date "2010.01.12"]
[Round "2"]
[White "Moussou, Julien"]
[Black "Czarska, Katarzyna"]
[Result "0-1"]
[WhiteElo "1900"]
[BlackElo "1580"]
[PlyCount "104"]
[EventDate "2010.01.05"]
[EventType "swiss"]
[EventRounds "4"]
[EventCountry "CAN"]

1. e4 e6 2. d4 b6 3. c3 Bb7 4. Bd3 Nf6 5. Bg5 Be7 6. Nd2 d6 7. f4 Nbd7 8. Ngf3
Ng4 9. h3 Bxg5 10. Nxg5 Ngf6 11. O-O Qe7 12. Qe2 h6 13. Ngf3 Nh5 14. Qe3 O-O-O
15. a4 e5 16. fxe5 dxe5 17. Nxe5 Nxe5 18. dxe5 Qd7 19. Rf3 a5 20. Nb3 g5 21.
Nd4 Nf4 22. Rxf4 gxf4 23. Qxf4 c5 24. Bb5 Qe7 25. Nf5 Qe6 26. Nd6+ Rxd6 27.
exd6 Qxe4 28. d7+ Kd8 29. Qxe4 Bxe4 30. g4 f5 31. Re1 Rg8 32. Kh2 h5 33. Kg3
hxg4 34. Rxe4 fxe4 35. hxg4 Rf8 36. Bc6 e3 37. Bb5 Rf7 38. g5 e2 39. Bxe2 Kxd7
40. g6 Rg7 41. Bd3 Ke7 42. Kf4 Kf6 43. c4 Rd7 44. Ke3 Rd4 45. b3 Rh4 46. Kd2
Rh2+ 47. Kc3 Rg2 48. Be4 Rg3+ 49. Bd3 Ke5 50. Kd2 Kd4 51. Bc2 Rg2+ 52. Kd1 Kc3
0-1

[Event "January TNT"]
[Site "Winnipeg CAN"]
[Date "2010.01.12"]
[Round "2"]
[White "Ott, Wolfgang"]
[Black "Menarguez Alonso, Hector"]
[Result "1/2-1/2"]
[WhiteElo "1601"]
[BlackElo "1264"]
[PlyCount "65"]
[EventDate "2010.01.05"]
[EventType "swiss"]
[EventRounds "4"]
[EventCountry "CAN"]

1. d4 c5 2. d5 g6 3. e4 Bg7 4. c4 d6 5. Nc3 Nd7 6. f4 e6 7. Nf3 exd5 8. cxd5 a6
9. Qa4 Rb8 10. Bd2 b5 11. Bxb5 axb5 12. Nxb5 Nb6 13. Nxd6+ Kf8 14. Qc6 Nd7 15.
Nxc8 Rxc8 16. Qa6 Rb8 17. Bc3 Ngf6 18. Qc4 Qe8 19. O-O Qxe4 20. Qa6 Qxf4 21.
Ne5 Qe4 22. Qd6+ Kg8 23. Nxd7 Qe3+ 24. Kh1 Nxd7 25. Qxd7 Rf8 26. Bxg7 Kxg7 27.
Rf3 Qd4 28. Raf1 Kh6 29. b3 f5 30. Rh3+ Kg5 31. Qe7+ Rf6 32. Rg3+ Kh6 33. Rh3+
1/2-1/2

[Event "January TNT"]
[Site "Winnipeg CAN"]
[Date "2010.01.12"]
[Round "2"]
[White "Swindell, Frankie"]
[Black "Joventino, R."]
[Result "1-0"]
[WhiteElo "1776"]
[BlackElo "1830"]
[PlyCount "101"]
[EventDate "2010.01.05"]
[EventType "swiss"]
[EventRounds "4"]
[EventCountry "CAN"]

1. e4 c5 2. Nf3 d6 3. d4 cxd4 4. Nxd4 Nf6 5. Nc3 a6 6. f3 e6 7. Be3 Be7 8. Qd2
b5 9. O-O-O O-O 10. g4 Bb7 11. h4 Nbd7 12. h5 Rc8 13. g5 b4 14. Nce2 Nxe4 15.
fxe4 Bxe4 16. Rh4 d5 17. Ng3 e5 18. Nxe4 exd4 19. Qxd4 Qc7 20. c3 Rfd8 21. Qxd5
bxc3 22. Nxc3 Ne5 23. Qb3 Re8 24. Re4 Bd6 25. Qb6 Qxb6 26. Bxb6 Rc6 27. Bd4 f6
28. gxf6 gxf6 29. Bxe5 Bxe5 30. Bc4+ Kh8 31. b3 f5 32. Re2 Kg7 33. Kc2 Kf6 34.
Rde1 Bxc3 35. Rxe8 Bxe1 36. Rxe1 Kg5 37. Re6 Rc7 38. Re5 Kg4 39. Kd2 f4 40. Ke2
Rc6 41. Re6 Rc7 42. Kf2 a5 43. Ra6 Rc5 44. Rh6 Rc7 45. Bd3 Rd7 46. Be2+ Kg5 47.
Ra6 Rd5 48. Ra7 Kh6 49. Kf3 Rxh5 50. Kxf4 Rc5 51. Bd3 1-0

[Event "January TNT"]
[Site "Winnipeg CAN"]
[Date "2010.01.12"]
[Round "2"]
[White "Wassermann, Laura"]
[Black "Truempler, Andreas"]
[Result "0-1"]
[WhiteElo "1723"]
[BlackElo "1499"]
[PlyCount "64"]
[EventDate "2010.01.05"]
[EventType "swiss"]
[EventRounds "4"]
[EventCountry "CAN"]

1. e4 d6 2. Nf3 e5 3. Nc3 Nf6 4. Bc4 h6 5. O-O g6 6. d4 Nbd7 7. h3 Bg7 8. Be3
O-O 9. Qd2 Kh7 10. Rad1 Nb6 11. Bb3 Nfd7 12. dxe5 dxe5 13. Bc5 Rh8 14. Bxf7 Qf6
15. Bxb6 Nxb6 16. Bb3 Bxh3 17. Nd5 Nxd5 18. Qxd5 Rhf8 19. Nxe5 Qg5 20. Ng4 Qxg4
21. e5 Rad8 22. Rd4 Rxd5 23. Rxg4 Bxg4 24. Bxd5 Bxe5 25. Re1 Bd6 26. Bxb7 Bc5
27. Re5 Bb6 28. Re7+ Kh8 29. Be4 Rxf2 30. Kh1 Bf5 31. Bxf5 Rxf5 32. c4 Rh5# 0-1

[Event "January TNT"]
[Site "Winnipeg CAN"]
[Date "2010.01.12"]
[Round "2"]
[White "Williams, Henry J"]
[Black "Letarte-Lavoie, Francis"]
[Result "1-0"]
[WhiteElo "1551"]
[BlackElo "1596"]
[PlyCount "87"]
[EventDate "2010.01.05"]
[EventType "swiss"]
[EventRounds "4"]
[EventCountry "CAN"]

1. Nf3 d5 2. d4 Nf6 3. Bg5 e6 4. c4 c5 5. cxd5 exd5 6. e3 Be7 7. dxc5 Qa5+ 8.
Nc3 Qxc5 9. Rc1 Be6 10. Bb5+ Nc6 11. Nd4 Bd7 12. a3 Rd8 13. Ne4 Qb6 14. Nxf6+
Bxf6 15. Bxf6 gxf6 16. O-O O-O 17. b4 Nxd4 18. Bxd7 Rxd7 19. Qg4+ Kh8 20. Qxd7
Ne2+ 21. Kh1 Nxc1 22. Rxc1 Qa6 23. a4 Qb6 24. Qe7 Kg7 25. a5 Qb5 26. Kg1 Re8
27. Qc5 Qa4 28. g3 Re5 29. Kg2 Qa3 30. Rd1 Qb3 31. Rd4 a6 32. Qb6 Qa2 33. Rg4+
Rg5 34. Rxg5+ fxg5 35. Qxb7 Qc4 36. Qe7 g4 37. Qg5+ Kf8 38. Qf4 Qc6 39. Qxg4
d4+ 40. Qf3 Qb5 41. exd4 Qxb4 42. Qa8+ Kg7 43. Qxa6 Qxd4 44. Qb7 1-0

[Event "January TNT"]
[Site "Winnipeg CAN"]
[Date "2010.01.19"]
[Round "3"]
[White "Crawford, Gregory"]
[Black "Ott, Wolfgang"]
[Result "0-1"]
[WhiteElo "1430"]
[BlackElo "1601"]
[PlyCount "71"]
[EventDate "2010.01.05"]
[EventType "swiss"]
[EventRounds "4"]
[EventCountry "CAN"]

1. e4 c5 2. Nf3 Nc6 3. d4 cxd4 4. Nxd4 g6 5. Nxc6 bxc6 6. Bc4 Bg7 7. Qf3 e6 8.
O-O Ne7 9. Nc3 O-O 10. Bg5 Qe8 11. Qe3 d5 12. Qc5 f6 13. exd5 fxg5 14. dxc6
Qxc6 15. Qxc6 Nxc6 16. Rfe1 Ne5 17. Bb3 Ng4 18. h3 Nxf2 19. Bxe6+ Bxe6 20. Rxe6
Rab8 21. Rf1 Bd4 22. Kh2 Ng4+ 23. hxg4 Rxf1 24. Na4 Rbf8 25. c3 Bg1+ 26. Kg3
Bf2+ 27. Kh2 Rf4 28. Nc5 Bxc5 29. b4 Bb6 30. c4 Rxg4 31. Re8+ Kf7 32. Rc8 Bg1+
33. Kh3 h5 34. Rc7+ Ke8 35. c5 Bxc5 36. bxc5 0-1

[Event "January TNT"]
[Site "Winnipeg CAN"]
[Date "2010.01.19"]
[Round "3"]
[White "Joventino, R."]
[Black "Wasserman, R."]
[Result "1-0"]
[WhiteElo "1830"]
[BlackElo "1690"]
[PlyCount "43"]
[EventDate "2010.01.05"]
[EventType "swiss"]
[EventRounds "4"]
[EventCountry "CAN"]

1. e4 e5 2. Nf3 Nc6 3. Bc4 d6 4. d4 Bg4 5. h3 Bh5 6. c3 exd4 7. cxd4 Bxf3 8.
Qxf3 Qf6 9. Be3 Qxf3 10. gxf3 Nf6 11. Nc3 O-O-O 12. Bxf7 Nb4 13. O-O-O h6 14.
a3 Nc6 15. Kb1 Be7 16. f4 Rhf8 17. Be6+ Kb8 18. f5 Rde8 19. Rhg1 Nd8 20. d5 Nh5
21. Rc1 a6 22. Ne2 1-0

[Event "January TNT"]
[Site "Winnipeg CAN"]
[Date "2010.01.12"]
[Round "3"]
[White "Magomedov, Magaram"]
[Black "Czarska, Katarzyna"]
[Result "1-0"]
[WhiteElo "1751"]
[BlackElo "1580"]
[PlyCount "29"]
[EventDate "2010.01.05"]
[EventType "swiss"]
[EventRounds "4"]
[EventCountry "CAN"]

1. e4 c6 2. Nc3 d5 3. Nf3 Bg4 4. h3 Bh5 5. d3 e6 6. Be2 Bb4 7. a3 dxe4 8. axb4
exf3 9. Bxf3 Bxf3 10. Qxf3 Qf6 11. Qg3 Nd7 12. Ne4 Qe5 13. f4 Qd5 14. Qxg7 f5
15. Nc3 1-0

[Event "January TNT"]
[Site "Winnipeg CAN"]
[Date "2010.01.19"]
[Round "3"]
[White "Swindell, Frankie"]
[Black "Kernighan, Mark"]
[Result "0-1"]
[WhiteElo "1776"]
[BlackElo "1975"]
[PlyCount "72"]
[EventDate "2010.01.05"]
[EventType "swiss"]
[EventRounds "4"]
[EventCountry "CAN"]

1. e4 e6 2. d4 d5 3. Nd2 Nf6 4. exd5 exd5 5. Ngf3 Bf5 6. Be2 Nbd7 7. O-O Bd6 8.
Nb3 h6 9. Re1 O-O 10. h3 Re8 11. Bf1 c6 12. Rxe8+ Qxe8 13. Be3 Qd8 14. Qd2 Ne4
15. Qe2 Qf6 16. Re1 Nf8 17. c3 Ne6 18. Nbd2 Nf4 19. Bxf4 Bxf4 20. Nxe4 Bxe4 21.
Nd2 Bf5 22. g3 Bd6 23. Bg2 Qg6 24. Nf1 h5 25. Rd1 Rd8 26. Rd2 Kf8 27. Qd1 Qg5
28. h4 Qg6 29. Ne3 Bc8 30. Bf3 Qh6 31. Kg2 g6 32. Qc2 Qg7 33. Re2 Qf6 34. Qd2
Kg7 35. Nc2 Qf5 36. Kf1 Qxf3 0-1

[Event "January TNT"]
[Site "Winnipeg CAN"]
[Date "2010.01.19"]
[Round "3"]
[White "Truempler, Andreas"]
[Black "Green, Joshua"]
[Result "0-1"]
[WhiteElo "1499"]
[BlackElo "1792"]
[PlyCount "95"]
[EventDate "2010.01.05"]
[EventType "swiss"]
[EventRounds "4"]
[EventCountry "CAN"]

1. Nf3 d5 2. d3 Nf6 3. Nbd2 g6 4. g3 Bg7 5. Bg2 O-O 6. O-O c6 7. Re1 Qb6 8. e4
dxe4 9. dxe4 Rd8 10. Qe2 Bg4 11. Nc4 Qa6 12. Bf4 Be6 13. Nce5 Qxe2 14. Rxe2
Nbd7 15. Nd3 Rac8 16. Rd1 h6 17. b3 Bg4 18. h3 Bxf3 19. Bxf3 Nc5 20. e5 Nxd3
21. Red2 Ne8 22. h4 e6 23. cxd3 Rd7 24. Rc2 Rcd8 25. Be4 Nc7 26. Be3 Nb5 27.
Rc4 Bxe5 28. Bxh6 Bg7 29. Be3 Bd4 30. Bg5 f6 31. Bd2 Kf7 32. Ba5 Bb6 33. Bxb6
axb6 34. Rb4 Nc3 35. Re1 b5 36. a4 Na2 37. Bxg6+ Kxg6 38. Rg4+ Kf7 39. h5 Rh8
40. Rh4 Rxd3 41. axb5 Rxb3 42. Rd1 Rxb5 43. g4 Rd5 44. Ra1 Nc3 45. Ra7 Rd7 46.
Kg2 Nb5 47. Ra4 Rd4 48. Ra7 0-1

[Event "January TNT"]
[Site "Winnipeg CAN"]
[Date "2010.01.19"]
[Round "3"]
[White "Wassermann, Laura"]
[Black "Moussou, Julien"]
[Result "1-0"]
[WhiteElo "1732"]
[BlackElo "1900"]
[PlyCount "41"]
[EventDate "2010.01.05"]
[EventType "swiss"]
[EventRounds "4"]
[EventCountry "CAN"]

1. e4 d5 2. exd5 Qxd5 3. Nc3 Qa5 4. Nf3 Bf5 5. d4 c6 6. Bf4 e6 7. a3 Nf6 8. Be2
Nd5 9. Bd2 Qc7 10. O-O Bd6 11. Re1 O-O 12. h3 Nd7 13. Nh4 Bg6 14. Nxg6 fxg6 15.
Bg4 Bh2+ 16. Kh1 Rxf2 17. Bxe6+ Kh8 18. Nxd5 cxd5 19. Be3 Rxg2 20. Kxg2 Qg3+
21. Kh1 1-0

[Event "January TNT"]
[Site "Winnipeg CAN"]
[Date "2010.01.19"]
[Round "3"]
[White "Williams, Henry J"]
[Black "Evans, Brittany"]
[Result "1-0"]
[WhiteElo "1551"]
[BlackElo "1591"]
[PlyCount "51"]
[EventDate "2010.01.05"]
[EventType "swiss"]
[EventRounds "4"]
[EventCountry "CAN"]

1. e4 c5 2. Nf3 d6 3. d4 cxd4 4. Nxd4 Nf6 5. Nc3 a6 6. Bg5 e6 7. Qf3 Be7 8.
O-O-O Qc7 9. Be2 Nc6 10. Nb3 b5 11. a3 Bb7 12. Qg3 Rd8 13. f4 h6 14. Bh4 O-O
15. Qf2 Rc8 16. g4 Nxe4 17. Nxe4 Bxh4 18. Qxh4 Na5 19. Nf6+ gxf6 20. Na1 Nb3+
21. Kb1 Nxa1 22. Bd3 Nxc2 23. Qxh6 Nxa3+ 24. bxa3 f5 25. gxf5 f6 26. Rhg1+ 1-0

[Event "January TNT"]
[Site "Winnipeg CAN"]
[Date "2010.01.26"]
[Round "4"]
[White "Czarska, Katarzyna"]
[Black "Wassermann, Laura"]
[Result "0-1"]
[WhiteElo "1580"]
[BlackElo "1723"]
[PlyCount "45"]
[EventDate "2010.01.05"]
[EventType "swiss"]
[EventRounds "4"]
[EventCountry "CAN"]

1. Nc3 Nc6 2. g3 e5 3. Bg2 Bc5 4. Ne4 Bb6 5. d3 d5 6. Nc3 Nf6 7. Bg5 d4 8. Ne4
Ba5+ 9. Kf1 Bd7 10. a3 Bf5 11. b4 Bb6 12. b5 Na5 13. c4 dxc3 14. Nxc3 Qd4 15.
Be3 Qxc3 16. Rc1 Qxa3 17. Nf3 Bxe3 18. fxe3 Ng4 19. Qd2 Nb3 20. Qc3 Qxc1+ 21.
Qxc1 Nxc1 22. h3 Nf6 23. Nxe5 0-1

[Event "January TNT"]
[Site "Winnipeg CAN"]
[Date "2010.01.26"]
[Round "4"]
[White "Green, Joshua"]
[Black "Greenberg, Joe"]
[Result "1/2-1/2"]
[WhiteElo "1792"]
[BlackElo "1741"]
[PlyCount "67"]
[EventDate "2010.01.05"]
[EventType "swiss"]
[EventRounds "4"]
[EventCountry "CAN"]

1. e4 c5 2. Nf3 d6 3. Bb5+ Bd7 4. Bxd7+ Nxd7 5. O-O g6 6. c3 c4 7. d4 cxd3 8.
Qxd3 Ngf6 9. Qe2 Bg7 10. Rd1 Qc7 11. Nd4 a6 12. f3 O-O 13. Kh1 b5 14. Nc2 Rfc8
15. Bg5 Qc5 16. Qe3 Ne5 17. Qxc5 dxc5 18. Ne3 Rd8 19. Na3 Nd3 20. Kg1 Nxb2 21.
Rxd8+ Rxd8 22. Rb1 Na4 23. Rd1 Rxd1+ 24. Nxd1 e6 25. c4 b4 26. Nc2 Nb6 27. Nce3
Nfd7 28. Be7 Bd4 29. Kf1 Ne5 30. Ke2 Nbxc4 31. f4 Nxe3 32. Nxe3 Nc6 33. Bd6 c4
34. Nxc4 1/2-1/2

[Event "January TNT"]
[Site "Winnipeg CAN"]
[Date "2010.01.26"]
[Round "4"]
[White "Joventino, R."]
[Black "Williams, Henry J"]
[Result "1-0"]
[WhiteElo "1830"]
[BlackElo "1551"]
[PlyCount "103"]
[EventDate "2010.01.05"]
[EventType "swiss"]
[EventRounds "4"]
[EventCountry "CAN"]

1. e4 c5 2. Nf3 e6 3. d4 cxd4 4. Nxd4 a6 5. Bd3 Qc7 6. O-O Bc5 7. Nb3 Ba7 8.
Qg4 Kf8 9. Nc3 d6 10. Qh4 Ne7 11. Kh1 Ng6 12. Qg3 Nd7 13. f4 Nf6 14. a4 h6 15.
Bd2 e5 16. f5 Ne7 17. Qh4 Nc6 18. g4 Rh7 19. Rac1 Nb4 20. Be2 Bd7 21. Bf3 Bc6
22. Qe1 Nxc2 23. Rxc2 Bxa4 24. Na1 Bxc2 25. Nxc2 b5 26. Be3 Rc8 27. Bxa7 Qxa7
28. Qd2 Qb6 29. Nb4 g5 30. Rd1 Rd8 31. Nbd5 Nxd5 32. Nxd5 Qb7 33. Qb4 Qc6 34.
Nc3 f6 35. Rc1 Qb7 36. Bd1 Rhd7 37. Bb3 Ke7 38. Nd5+ Kf8 39. Nxf6 Rc7 40. Rd1
Qc6 41. Nd5 Qc5 42. Qd2 Rcc8 43. Ne3 b4 44. Be6 Rb8 45. Rc1 Qa7 46. Nd5 a5 47.
Rc7 Rb7 48. Rc6 b3 49. Nc3 Qb8 50. Bc4 Ke7 51. Qd5 Kd7 52. Nb5 1-0

[Event "January TNT"]
[Site "Winnipeg CAN"]
[Date "2010.01.26"]
[Round "4"]
[White "Letarte-Lavoie, Francis"]
[Black "Truempler, Andreas"]
[Result "1-0"]
[WhiteElo "1596"]
[BlackElo "1499"]
[PlyCount "75"]
[EventDate "2010.01.05"]
[EventType "swiss"]
[EventRounds "4"]
[EventCountry "CAN"]

1. d4 Nf6 2. c4 d6 3. Nf3 g6 4. Nc3 Bg7 5. e4 O-O 6. Be2 Nbd7 7. O-O e5 8. d5
Nc5 9. Qc2 a5 10. Bg5 h6 11. Bh4 g5 12. Bg3 Nh5 13. a3 f5 14. h3 f4 15. Bh2 Kh8
16. Nxe5 dxe5 17. Bxh5 Bf6 18. b4 Nd7 19. c5 Rg8 20. d6 c6 21. Bg4 Nf8 22. Bxc8
Qxc8 23. f3 Ne6 24. Ne2 h5 25. Qc3 axb4 26. axb4 Rb8 27. Kh1 g4 28. hxg4 hxg4
29. Bxf4 gxf3 30. Rxf3 Nxf4 31. Nxf4 Rg7 32. Nh5 Rh7 33. Rxf6 Rxh5+ 34. Kg1 Qg4
35. Qf3 Qh4 36. Rf8+ Rxf8 37. Qxf8+ Kh7 38. Qe7+ 1-0

[Event "January TNT"]
[Site "Winnipeg CAN"]
[Date "2010.01.27"]
[Round "4"]
[White "Magomedov, Magaram"]
[Black "Lipinska, Malgorzata"]
[Result "1/2-1/2"]
[WhiteElo "1751"]
[BlackElo "1799"]
[PlyCount "64"]
[EventDate "2010.01.05"]
[EventType "swiss"]
[EventRounds "4"]
[EventCountry "CAN"]

1. e4 e6 2. Qe2 e5 3. Nf3 Nc6 4. c3 Nf6 5. d4 d6 6. Bg5 Be7 7. d5 Nb8 8. Bxf6
Bxf6 9. Na3 O-O 10. h3 c5 11. Qe3 g6 12. Be2 Bg7 13. O-O f5 14. exf5 Bxf5 15.
b4 cxb4 16. cxb4 e4 17. Nd4 Qb6 18. Nxf5 Rxf5 19. Rac1 Qxe3 20. fxe3 Nd7 21.
Rxf5 gxf5 22. Rc7 Nb6 23. Nb5 Be5 24. g4 Rc8 25. Rxc8+ Nxc8 26. gxf5 Kf7 27.
Kf2 a6 28. Nc7 h6 29. Bh5+ Kf6 30. Ne8+ Kg5 31. f6 Bxf6 32. Nxf6 Kxf6 1/2-1/2

[Event "July TNT"]
[Site "Winnipeg CAN"]
[Date "2010.07.06"]
[Round "1"]
[White "Babb, Jeff"]
[Black "Lipic, Stephen"]
[Result "1/2-1/2"]
[WhiteElo "2212"]
[BlackElo "1845"]
[PlyCount "131"]
[EventDate "2010.07.06"]
[EventType "swiss"]
[EventRounds "4"]
[EventCountry "CAN"]

1. Nf3 d5 2. g3 c6 3. Bg2 Bg4 4. c4 e6 5. Qb3 Qb6 6. Qxb6 axb6 7. b3 Bxf3 8.
Bxf3 Be7 9. Bb2 Bf6 10. Nc3 Ne7 11. O-O Nd7 12. Bg2 O-O 13. f4 Nc5 14. g4 Rfd8
15. d3 dxc4 16. bxc4 Rxd3 17. exd3 Nxd3 18. Nd1 Nxb2 19. Nxb2 Bxb2 20. Rad1 Kf8
21. Rf2 Ba3 22. Rfd2 Ke8 23. Be4 g6 24. Bb1 Bc5+ 25. Kg2 Be3 26. Rd7 Rb8 27.
Kf3 Bc5 28. Rc7 Nc8 29. Rcd7 Ne7 30. R7d3 Ra8 31. Kg2 Rc8 32. Rh3 Ng8 33. Rxh7
Nf6 34. Rh8+ Bf8 35. Kf3 Ra8 36. Rd3 Ra4 37. Rc3 Ke7 38. Rb3 Nd7 39. Rh7 Nf6
40. Bxg6 Nxh7 41. Bxh7 Rxa2 42. h4 Rh2 43. Kg3 Rh1 44. Be4 Rg1+ 45. Bg2 Kd6 46.
Rxb6 Kc7 47. Rb3 Be7 48. Rc3 Bxh4+ 49. Kxh4 Rxg2 50. Kh5 Rh2+ 51. Kg5 Rg2 52.
Kh4 Rh2+ 53. Kg3 Rh1 54. c5 Rd1 55. g5 b6 56. cxb6+ Kxb6 57. Kf3 c5 58. Ke4
Rd4+ 59. Ke5 Rd5+ 60. Ke4 Kc6 61. Rc1 Rd7 62. Ke5 Rd5+ 63. Ke4 Rd4+ 64. Ke3 Rd7
65. Ke4 Rd4+ 66. Ke3 1/2-1/2

[Event "July TNT"]
[Site "Winnipeg CAN"]
[Date "2010.07.06"]
[Round "1"]
[White "De Groot, Steven"]
[Black "Bince, Rolando"]
[Result "0-1"]
[WhiteElo "1822"]
[BlackElo "2150"]
[PlyCount "78"]
[EventDate "2010.07.06"]
[EventType "swiss"]
[EventRounds "4"]
[EventCountry "CAN"]

1. e4 Nf6 2. e5 Nd5 3. d4 d6 4. exd6 cxd6 5. Bc4 Nb6 6. Bb3 g6 7. Qf3 d5 8. Ne2
Bg7 9. Bg5 Nc6 10. c3 O-O 11. O-O f6 12. Bh4 a5 13. a4 e6 14. Nd2 Ne7 15. Bg3
Nf5 16. Qd3 Kh8 17. f4 Nd6 18. Kh1 Bd7 19. Ng1 Rc8 20. Ngf3 Ndc4 21. Ra2 Qe8
22. Bc2 Nxd2 23. Nxd2 Nxa4 24. Bxa4 Bxa4 25. b3 Bb5 26. c4 dxc4 27. bxc4 Bc6
28. Rxa5 f5 29. d5 exd5 30. cxd5 Qd8 31. Nb3 b6 32. Ra6 Bb7 33. Ra7 Rc3 34. Qb5
Qxd5 35. Qxd5 Bxd5 36. Nd2 Rc2 37. Nf3 Rfc8 38. Kg1 Bd4+ 39. Bf2 Rxf2 0-1

[Event "July TNT"]
[Site "Winnipeg CAN"]
[Date "2010.07.06"]
[Round "1"]
[White "Kernetsky, Myron"]
[Black "Ott, Richard"]
[Result "0-1"]
[WhiteElo "2016"]
[BlackElo "1682"]
[PlyCount "75"]
[EventDate "2010.07.06"]
[EventType "swiss"]
[EventRounds "4"]
[EventCountry "CAN"]

1. d4 d5 2. Nf3 Nf6 3. c4 e6 4. g3 Nc6 5. Bg2 Be7 6. Nc3 O-O 7. cxd5 exd5 8.
O-O h6 9. Qb3 Na5 10. Qc2 Nc4 11. Bf4 c6 12. Rfd1 Be6 13. b3 Nb6 14. a3 Nh5 15.
Bd2 Qc8 16. Qb2 Bh3 17. Bh1 Bd6 18. e4 Qg4 19. e5 Be7 20. Be3 Nd7 21. Re1 f5
22. exf6 Rxf6 23. Qe2 Qg6 24. Nh4 Qf7 25. Bf3 Rxf3 26. Qxf3 Nhf6 27. Qe2 Ne4
28. Nxe4 dxe4 29. Qc4 Be6 30. Qc2 Bxh4 31. gxh4 Qf3 32. Qe2 Qh3 33. Qf1 Qxh4
34. Qg2 Rf8 35. Bd2 Rf3 36. Re2 Bh3 37. Qg6 Nf8 38. Rxe4 0-1

[Event "July TNT"]
[Site "Winnipeg CAN"]
[Date "2010.07.06"]
[Round "1"]
[White "Li, Henry"]
[Black "Green, Aaron"]
[Result "0-1"]
[WhiteElo "1463"]
[BlackElo "1950"]
[PlyCount "54"]
[EventDate "2010.07.06"]
[EventType "swiss"]
[EventRounds "4"]
[EventCountry "CAN"]

1. e4 b6 2. d4 Bb7 3. Nc3 e6 4. d5 exd5 5. exd5 Nf6 6. Bc4 Be7 7. Bg5 O-O 8.
Qd2 Re8 9. O-O-O d6 10. Bb5 Nbd7 11. Nf3 a6 12. Bc6 Bxc6 13. dxc6 Nc5 14. Rhe1
Ne6 15. h4 h6 16. Bxf6 Bxf6 17. Ne4 Bxh4 18. Nxh4 Qxh4 19. c4 Nc5 20. Nxc5
Qxc4+ 21. Kb1 Qxc5 22. Rc1 Qf5+ 23. Ka1 Kf8 24. Rxe8+ Rxe8 25. Qc2 Qxc2 26.
Rxc2 Re1+ 27. Rc1 Rxc1# 0-1

[Event "July TNT"]
[Site "Winnipeg CAN"]
[Date "2010.07.06"]
[Round "1"]
[White "Nikouline, Alexandre"]
[Black "Wasserman, Leor"]
[Result "1-0"]
[WhiteElo "2092"]
[BlackElo "1718"]
[PlyCount "55"]
[EventDate "2010.07.06"]
[EventType "swiss"]
[EventRounds "4"]
[EventCountry "CAN"]

1. e4 c5 2. Nf3 d6 3. d4 cxd4 4. Nxd4 Nf6 5. Nc3 a6 6. Bg5 e6 7. f4 Be7 8. Qf3
Qb6 9. O-O-O Nc6 10. Nxc6 bxc6 11. e5 dxe5 12. fxe5 Nd5 13. Bxe7 Kxe7 14. Bc4
Ne3 15. Na4 Qa7 16. Qxc6 Nxc4 17. Qxc4 Qe3+ 18. Kb1 Qxe5 19. Rhe1 Qxh2 20. Qb4+
Ke8 21. Qd4 f6 22. Qd8+ Kf7 23. Qxh8 Bb7 24. Rd7+ Kg6 25. Qxg7+ Kf5 26. Rf1+
Ke5 27. Qxf6+ Ke4 28. Re1# 1-0

[Event "July TNT"]
[Site "Winnipeg CAN"]
[Date "2010.07.06"]
[Round "1"]
[White "Pang, Michael"]
[Black "Schulz, Waldemar"]
[Result "0-1"]
[WhiteElo "1701"]
[BlackElo "2032"]
[PlyCount "69"]
[EventDate "2010.07.06"]
[EventType "swiss"]
[EventRounds "4"]
[EventCountry "CAN"]

1. e4 c5 2. Nf3 e6 3. d4 cxd4 4. Nxd4 Nf6 5. Nc3 d6 6. Be3 a6 7. Be2 Be7 8. Qd2
Qc7 9. O-O-O Nc6 10. f4 O-O 11. g4 Nxd4 12. Bxd4 b5 13. g5 Nd7 14. h4 b4 15.
Nb1 Bb7 16. Bd3 Nc5 17. Bxc5 dxc5 18. Rde1 c4 19. Bf1 Rfd8 20. Qf2 c3 21. b3
Qa5 22. Bd3 Qxa2 23. Rh3 Qb2+ 24. Kd1 Qxb1+ 25. Ke2 Qa2 26. Qe3 Qa5 27. f5 exf5
28. exf5 Bc5 29. Qg3 Re8+ 30. Kf1 Rxe1+ 31. Qxe1 Qc7 32. Qc1 Qc6 33. Rh2 Qf3+
34. Ke1 Re8+ 35. Be4 0-1